Carlomagno

Guardat en:
Dades bibliogràfiques
Autor principal: Wahl, Rudolph (Autor)
Format: Llibre
Idioma:espanyol
Publicat: Buenos Aires Ediciones Peuser 1957
Matèries:
Etiquetes: Afegir etiqueta
Sense etiquetes, Sigues el primer a etiquetar aquest registre!

MARC

LEADER 00000nam a2200000 a 4500
001 UCZ0347
003 CL-VaPUC
008 950728e19570000AG |||||||||||||||||spa|d
082 0 4 |a 923  |b WAH  |2 21 
100 0 |a Wahl, Rudolph  |e author  |9 343110 
245 1 0 |a Carlomagno 
300 |a 322 p 
942 |c BK 
945 |d 19950728 00:00:00  |a rbrito 
260 |a Buenos Aires  |b Ediciones Peuser  |c 1957 
600 0 |a Carlomagno  |9 343111 
650 7 |a EMPERADORES  |2 CL-VaPUC  |9 333943 
650 0 |a Biografías  |9 255210 
583 |a last modification  |c 20150113 05:33:00  |k Rodrigo Vera 
999 |c 237287  |d 237285 
952 |0 0  |1 0  |4 0  |6 923_000000000000000_WAH_1957  |7 0  |8 A  |9 246200  |a BIBEDU  |b BIBEDU  |d 2019-11-18  |i 3099873  |o 923 WAH 1957  |p 3099873  |r 2019-11-18  |w 2019-11-18  |y BK  |k LIT